00325pam a2200145a 44500008004100000020000900041041001200050082000900062100001900071245003800090250000600128260002700134300000900161650000900170230515b2002 xxu||||| |||| 00| 0 eng d aNULL aENGLISH aN.D. aDr. Bansal R K aFluid Mechanics And Hyd. Machines a0 aNULLbLaxmi Pub.c2002 a1006 aNULL